000 00672nam a2200229 a 4500
001 22595
003 BD-RjUL
005 20211209000827.0
008 140308s19501915enk b 00010 eng d
035 _a(BD-RjUL)22660
035 _a(BD-RjUL)
040 _dVU
_dBD-RjUL
_aBD-RjUL
_beng
_cBD-RjUL
041 _aeng
082 0 _a824.8
_220
_bCAE
100 1 _aCarlyle, Thomas,
_d1795-1881.
_969757
245 1 0 _aEnglish and other critical essays /
_cThomas Carlyle.
260 _aLondon :
_bDent,
_c1915 [reprinted 1950]
300 _a341 p. ;
_c19 cm.
504 _aIncludes bibliographical references.
942 _2ddc
_cBK
999 _c22595
_d22595